000 00231nam a2200097Ia 4500
001 807938
005 20250826171240.0
008 250824s9999 xx 000 0 und d
245 0 _aSELMANI PAK
_cEREN ERDEM
260 _bDESTEK YAYINLARI
999 _c807938
_d807938